000 00664nam a2200229 i 4500
001 60033
003 ES-MaACL
005 20250827062606.0
007 t|
008 031103s1985 sp ||||1| spa d
020 _a84-398-5442-4
110 1 _aEspaña
_93622
240 1 0 _aLeyes, etc.
245 1 0 _aLeyes constitucionales y administrativas de España /
_cAlfredo Gallego Anabitarte.
250 _a2ª ed.
260 _aMadrid :
_b[s.n.,
_c1985] (
_fGráficas Peñalara)
300 _aXXIV, 1136 p. ;
_c21 cm.
700 1 _aGallego Anabitarte, Alfredo.
_953549
740 0 _aLeyes, etc.
852 _aES-MaACL
_jB-189
_bR.111086
999 _c60033
_d60033